LDR 00859naa#a2200193#i#450# 001 RU\\bibl\19967 005 20260701190819.3 100 ## _a20260630b2026####ek#y0rusy0150####ca 102 ## _aRU 200 1# _aСИСТЕМНЫЙ АНАЛИЗ В УПРАВЛЕНИИ: КАК ПРИНИМАТЬ РЕШЕНИЯ В СЛОЖНЫХ СИСТЕМАХ _eСтатья/тезисы конференции 210 1# _aВоронеж _cВоронежский государственный лесотехнический университет имени Г.Ф. Морозова _d2026 215 ## _a11 с. 608 ## _aСтатья/тезисы конференции _2local 675 ## _aАлгоритмы. 004.021 _z 700 #1 _aКуликов _gИ. А. 700 #1 _aСедых _gД. А. 700 #1 _aДудник _gС. П. 700 #1 _aВытовтов _gП. Д. 856 4# _abibl.vgltu.ru _u